000
00252pam a2200133 a 4500
020
_c
041
_h
100
_a
Raju
245
_a
Water Supply and Water Engineering
260
_c
1995
300
_a
470
653
_a
Engineering
930
_a
901
999
_c
246754
_d
246754